[Event "Bundesliga 9596"]
[Site "Deutschland"]
[Date "1996.??.??"]
[Round "?.7"]
[White "Muse, Mladen"]
[Black "Podzielny, Karl Heinz"]
[Result "0-1"]
[WhiteElo "2420"]
[BlackElo "2465"]
[PlyCount "84"]
[EventDate "1995.10.??"]
[EventType "team"]
[EventRounds "15"]
[EventCountry "GER"]
[SourceTitle "Bundesliga 9596"]
[Source "DeepChess"]
[SourceDate "2005.01.01"]
[SourceVersion "1"]
[SourceVersionDate "2005.01.01"]
[SourceQuality "1"]
[WhiteTeam "SV Empor Berlin e.V."]
[BlackTeam "SG 1868 Aljech. Solingen"]
[WhiteTeamCountry "GER"]
[BlackTeamCountry "GER"]

1. d4 Nf6 2. c4 g6 3. Nc3 Bg7 4. e4 d6 5. Be2 O-O 6. Nf3 Na6 7. O-O e5 8. d5
Nc5 9. Qc2 a5 10. Bg5 h6 11. Bh4 g5 12. Bg3 Nh5 13. Nd2 Nf4 14. Rfe1 f5 15.
exf5 Bxf5 16. Nde4 c6 17. f3 cxd5 18. cxd5 Rc8 19. Qd2 Nxe4 20. fxe4 Bg6 21.
Bf1 g4 22. Bf2 h5 23. g3 Nh3+ 24. Bxh3 gxh3 25. Be3 b5 26. Nxb5 Bxe4 27. Nc3
Bg6 28. Rf1 Qd7 29. Qe2 h4 30. Rxf8+ Rxf8 31. Rf1 Rxf1+ 32. Qxf1 Qg4 33. Qe2
Qf5 34. g4 Qc8 35. Bf2 a4 36. a3 e4 37. Nxa4 Qc1+ 38. Qe1 Qf4 39. Qe2 e3 40.
Qxe3 Qxg4+ 41. Kf1 Qd1+ 42. Be1 Bd3+ 0-1

[Event "Bundesliga 9596"]
[Site "Deutschland"]
[Date "1996.??.??"]
[Round "?.8"]
[White "Zysk, Robert"]
[Black "Poldauf, Dirk"]
[Result "0-1"]
[WhiteElo "2440"]
[BlackElo "2430"]
[PlyCount "159"]
[EventDate "1995.10.??"]
[EventType "team"]
[EventRounds "15"]
[EventCountry "GER"]
[SourceTitle "Bundesliga 9596"]
[Source "DeepChess"]
[SourceDate "2005.01.01"]
[SourceVersion "1"]
[SourceVersionDate "2005.01.01"]
[SourceQuality "1"]
[WhiteTeam "SG 1868 Aljech. Solingen"]
[BlackTeam "SV Empor Berlin e.V."]
[WhiteTeamCountry "GER"]
[BlackTeamCountry "GER"]

1. Nf3 Nf6 2. d4 g6 3. g3 Bg7 4. Bg2 O-O 5. O-O d6 6. Nbd2 Nbd7 7. e4 e5 8. c3
c6 9. Re1 Qc7 10. b3 Re8 11. Bb2 a5 12. a4 h6 13. Qc2 Rb8 14. Nc4 exd4 15. cxd4
d5 16. exd5 Rxe1+ 17. Nxe1 Nxd5 18. Qd2 Ra8 19. Nd3 N7f6 20. Nde5 Bf5 21. Re1
Bf8 22. Ba3 Bxa3 23. Nxa3 Kg7 24. Nac4 Nb4 25. Rc1 Be6 26. Qb2 Kh7 27. h4 Rd8
28. Re1 Bd5 29. Bh3 Kg7 30. Qc3 Ne4 31. Qc1 Nf6 32. Qf4 Re8 33. Rd1 b5 34. axb5
cxb5 35. Na3 Bxb3 36. Rb1 Ba2 37. Rc1 Qb6 38. Rc5 Nbd5 39. Qd2 Ne4 40. Qxa2
Nxc5 41. Qxd5 Ne6 42. Qd7 Rf8 43. Nxb5 a4 44. Nc4 Qa6 45. Ncd6 Qa5 46. Kf1 Nd8
47. Nc4 Qb4 48. Nba3 Nb7 49. Qb5 Qxb5 50. Nxb5 Rd8 51. Bg2 Rb8 52. Nba3 Nd8 53.
d5 Rb3 54. Be4 Nb7 55. Bc2 Rb4 56. Ke2 Kf6 57. Kd2 Nc5 58. Kc3 Rb8 59. Kd4 Nb3+
60. Kc3 Nc5 61. f3 h5 62. Na5 g5 63. hxg5+ Kxg5 64. Kc4 Nd7 65. Nc6 Rg8 66. Kd4
Kf6 67. Bf5 Nf8 68. g4 h4 69. Ke3 h3 70. Kf2 h2 71. Kg2 Rh8 72. Kh1 Rh3 73. Be4
Nd7 74. Bc2 Rxf3 75. Nb5 Rf1+ 76. Kxh2 Rf2+ 77. Kg3 Rxc2 78. Kf4 Rc4+ 79. Kf3
a3 80. g5+ 0-1

[Event "Bundesliga 9596"]
[Site "Deutschland"]
[Date "1995.??.??"]
[Round "?.1"]
[White "Horvath, Tamas"]
[Black "Jussupow, Artur"]
[Result "1/2-1/2"]
[WhiteElo "2425"]
[BlackElo "2680"]
[PlyCount "45"]
[EventDate "1995.10.??"]
[EventType "team"]
[EventRounds "15"]
[EventCountry "GER"]
[SourceTitle "Bundesliga 9596"]
[Source "DeepChess"]
[SourceDate "2005.01.01"]
[SourceVersion "1"]
[SourceVersionDate "2005.01.01"]
[SourceQuality "1"]
[WhiteTeam "SV Tuebingen 1870 e.V."]
[BlackTeam "SG 1868 Aljech. Solingen"]
[WhiteTeamCountry "GER"]
[BlackTeamCountry "GER"]

1. e4 e6 2. d4 d5 3. Nd2 c5 4. Ngf3 Nc6 5. Bb5 cxd4 6. Nxd4 Bd7 7. Nxc6 Bxc6 8.
Qe2 Nf6 9. O-O Be7 10. e5 Bxb5 11. Qxb5+ Nd7 12. Nf3 Qc7 13. c3 O-O 14. Re1
Rfd8 15. Be3 a6 16. Qa4 Qc4 17. Qc2 Nc5 18. Red1 Qe4 19. Qe2 Qc4 20. Qc2 Qa4
21. Qe2 Qc4 22. Qc2 Qe4 23. Qe2 1/2-1/2

[Event "Bundesliga 9596"]
[Site "Deutschland"]
[Date "1995.??.??"]
[Round "?.2"]
[White "Gabriel, Christian"]
[Black "Palkovi, Jozsef"]
[Result "1/2-1/2"]
[WhiteElo "2475"]
[BlackElo "2470"]
[PlyCount "73"]
[EventDate "1995.10.??"]
[EventType "team"]
[EventRounds "15"]
[EventCountry "GER"]
[SourceTitle "Bundesliga 9596"]
[Source "DeepChess"]
[SourceDate "2005.01.01"]
[SourceVersion "1"]
[SourceVersionDate "2005.01.01"]
[SourceQuality "1"]
[WhiteTeam "SG 1868 Aljech. Solingen"]
[BlackTeam "SV Tuebingen 1870 e.V."]
[WhiteTeamCountry "GER"]
[BlackTeamCountry "GER"]

1. d4 Nf6 2. c4 e6 3. Nc3 Bb4 4. Qc2 O-O 5. a3 Bxc3+ 6. Qxc3 b6 7. Nf3 Bb7 8.
e3 d6 9. b3 Nbd7 10. Bb2 Ne4 11. Qc2 f5 12. Be2 Ndf6 13. O-O Qe8 14. Ne1 Ng4
15. Qd3 Rf6 16. d5 Nc5 17. Qd1 Rg6 18. Nd3 Nxd3 19. Qxd3 Qe7 20. f3 Ne5 21. Qd2
Rf8 22. Rad1 exd5 23. cxd5 Qh4 24. Qe1 Qe7 25. Rd4 c5 26. dxc6 Bxc6 27. Qf2 Kh8
28. Rfd1 Rff6 29. Kh1 Qb7 30. Rf4 Qe7 31. Rd2 Rf8 32. Bd1 Re6 33. Bc2 Qg5 34.
Qg3 Qh5 35. e4 Rg6 36. Qf2 Rh6 37. Qg3 1/2-1/2

[Event "Bundesliga 9596"]
[Site "Deutschland"]
[Date "1995.??.??"]
[Round "?.3"]
[White "Kraut, Rainer"]
[Black "Chandler, Murray G"]
[Result "0-1"]
[WhiteElo "2415"]
[BlackElo "2535"]
[PlyCount "166"]
[EventDate "1995.10.??"]
[EventType "team"]
[EventRounds "15"]
[EventCountry "GER"]
[SourceTitle "Bundesliga 9596"]
[Source "DeepChess"]
[SourceDate "2005.01.01"]
[SourceVersion "1"]
[SourceVersionDate "2005.01.01"]
[SourceQuality "1"]
[WhiteTeam "SV Tuebingen 1870 e.V."]
[BlackTeam "SG 1868 Aljech. Solingen"]
[WhiteTeamCountry "GER"]
[BlackTeamCountry "GER"]

1. e4 c5 2. Nf3 Nc6 3. Bb5 g6 4. O-O Bg7 5. Re1 Nf6 6. e5 Nd5 7. Nc3 Nc7 8.
Bxc6 dxc6 9. Ne4 Bg4 10. d3 Ne6 11. Ned2 Qd5 12. h3 Bxf3 13. Nxf3 O-O-O 14. Ng5
Nxg5 15. Bxg5 Bxe5 16. Qg4+ Rd7 17. Bxe7 f5 18. Qh4 Bxb2 19. Rab1 Bc3 20. Bf6
Bxf6 21. Qxf6 Rhd8 22. Qc3 Qd4 23. Qa5 Kb8 24. Rb3 b6 25. Qa6 Rb7 26. a4 Qd7
27. Qc4 Re8 28. Rxe8+ Qxe8 29. a5 bxa5 30. Qxc5 Rxb3 31. cxb3 Qe1+ 32. Kh2 Kb7
33. Qd4 Qe7 34. g3 Qf7 35. Qc3 f4 36. g4 Kb6 37. Qd4+ Kb7 38. Qc3 Qd5 39. Qg7+
Kb6 40. Qf8 Qxd3 41. Qxf4 Kc5 42. Qe5+ Kb4 43. Qb8+ Qb5 44. Qxa7 Kxb3 45. Qe3+
Kc2 46. Qe4+ Kd1 47. f4 a4 48. f5 gxf5 49. gxf5 Qb2+ 50. Kg3 a3 51. f6 Qc3+ 52.
Kg4 Qxf6 53. Qd3+ Ke1 54. Qe3+ Kf1 55. Qd3+ Kg1 56. Qg3+ Kf1 57. Qd3+ Kf2 58.
Qd2+ Kg1 59. Qe1+ Qf1 60. Qe3+ Qf2 61. Qxa3 Qd4+ 62. Kh5 Qd5+ 63. Kh6 Qe4 64.
Qa7+ Kg2 65. Qxh7 Qe3+ 66. Kg6 c5 67. h4 Kh3 68. h5 Kh4 69. Qh6 Qe6+ 70. Kg7
Qe7+ 71. Kg6 Kg4 72. Qc1 Qe6+ 73. Kg7 Qe5+ 74. Kf8 Qf5+ 75. Ke8 Qxh5+ 76. Kd7
Qd5+ 77. Kc7 c4 78. Kb6 Qd4+ 79. Kb5 c3 80. Qc2 Kf3 81. Qf5+ Ke3 82. Qe6+ Kd2
83. Qh6+ Qe3 0-1

[Event "Bundesliga 9596"]
[Site "Deutschland"]
[Date "1995.??.??"]
[Round "?.4"]
[White "Bischoff, Klaus"]
[Black "Zeller, Frank"]
[Result "1-0"]
[WhiteElo "2550"]
[BlackElo "2400"]
[PlyCount "69"]
[EventDate "1995.10.??"]
[EventType "team"]
[EventRounds "15"]
[EventCountry "GER"]
[SourceTitle "Bundesliga 9596"]
[Source "DeepChess"]
[SourceDate "2005.01.01"]
[SourceVersion "1"]
[SourceVersionDate "2005.01.01"]
[SourceQuality "1"]
[WhiteTeam "SG 1868 Aljech. Solingen"]
[BlackTeam "SV Tuebingen 1870 e.V."]
[WhiteTeamCountry "GER"]
[BlackTeamCountry "GER"]

1. d4 Nf6 2. Nf3 e6 3. g3 c5 4. Bg2 Nc6 5. c4 cxd4 6. Nxd4 Bb4+ 7. Nc3 Ne5 8.
Qb3 Be7 9. O-O O-O 10. Rd1 Qc7 11. Bf4 d6 12. Ndb5 Qb8 13. Qb4 a5 14. Qb3 Bd7
15. Rac1 Bc6 16. e4 Rd8 17. h3 b6 18. Rd4 Ng6 19. Be3 Qb7 20. Qc2 Rd7 21. Rcd1
Rad8 22. b3 Qb8 23. Qe2 h6 24. R4d2 Re8 25. f4 Rc8 26. Bf3 h5 27. h4 Qb7 28.
Rxd6 Rxd6 29. Nxd6 Bxd6 30. Rxd6 Bxe4 31. Nxe4 Nxe4 32. Rxb6 Qa8 33. Bf2 Nxg3
34. Bxg3 Qa7 35. Qf2 1-0

[Event "Bundesliga 9596"]
[Site "Deutschland"]
[Date "1995.??.??"]
[Round "?.5"]
[White "Hess, Ralf"]
[Black "Schaefer, Markus"]
[Result "0-1"]
[WhiteElo "2400"]
[BlackElo "2455"]
[PlyCount "76"]
[EventDate "1995.10.??"]
[EventType "team"]
[EventRounds "15"]
[EventCountry "GER"]
[SourceTitle "Bundesliga 9596"]
[Source "DeepChess"]
[SourceDate "2005.01.01"]
[SourceVersion "1"]
[SourceVersionDate "2005.01.01"]
[SourceQuality "1"]
[WhiteTeam "SV Tuebingen 1870 e.V."]
[BlackTeam "SG 1868 Aljech. Solingen"]
[WhiteTeamCountry "GER"]
[BlackTeamCountry "GER"]

1. c4 Nf6 2. Nc3 g6 3. e4 d6 4. d4 Bg7 5. Nf3 O-O 6. h3 Na6 7. Be3 e5 8. dxe5
dxe5 9. Qb3 c6 10. Qa3 Re8 11. Rd1 Qe7 12. c5 Nc7 13. Bc4 Be6 14. Nd2 Nh5 15.
Qb3 Nf4 16. Kf1 Rab8 17. Qa4 Nfd5 18. exd5 cxd5 19. Nde4 dxe4 20. Nxe4 Red8 21.
Ke2 b5 22. cxb6 axb6 23. Rxd8+ Rxd8 24. Bxb6 Qd7 25. Qb4 Rb8 26. Rd1 Qc6 27.
Bxe6 Nxe6 28. Rd6 Rxb6 29. Qxb6 Qxe4+ 30. Kf1 Qb1+ 31. Ke2 Nd4+ 32. Rxd4 exd4
33. Qd8+ Bf8 34. Qxd4 Qxa2 35. Kd2 Qb1 36. g3 h5 37. h4 Bg7 38. Qd8+ Kh7 0-1

[Event "Bundesliga 9596"]
[Site "Deutschland"]
[Date "1995.??.??"]
[Round "?.6"]
[White "Podzielny, Karl Heinz"]
[Black "Werner, Marc"]
[Result "1-0"]
[WhiteElo "2460"]
[BlackElo "2365"]
[PlyCount "48"]
[EventDate "1995.10.??"]
[EventType "team"]
[EventRounds "15"]
[EventCountry "GER"]
[SourceTitle "Bundesliga 9596"]
[Source "DeepChess"]
[SourceDate "2005.01.01"]
[SourceVersion "1"]
[SourceVersionDate "2005.01.01"]
[SourceQuality "1"]
[WhiteTeam "SG 1868 Aljech. Solingen"]
[BlackTeam "SV Tuebingen 1870 e.V."]
[WhiteTeamCountry "GER"]
[BlackTeamCountry "GER"]

1. d4 d5 2. c4 c6 3. Nc3 Nf6 4. Nf3 e6 5. cxd5 exd5 6. Bg5 Bd6 7. Qc2 O-O 8. e3
Re8 9. Bd3 h6 10. Bh4 Nbd7 11. g4 Qa5 12. g5 hxg5 13. Nxg5 c5 14. dxc5 Qxc5 15.
O-O-O Nf8 16. Rhg1 Be5 17. Nxf7 Kxf7 18. Bg6+ Kg8 19. Bxf6 Bxf6 20. Bxe8 Be6
21. Ba4 Rc8 22. Kb1 Qb4 23. Bb3 Rc5 24. Rxd5 Bxd5 1-0

[Event "Bundesliga 9596"]
[Site "Deutschland"]
[Date "1995.??.??"]
[Round "?.7"]
[White "Von Naso, Lancelot"]
[Black "Zysk, Robert"]
[Result "0-1"]
[WhiteElo "2110"]
[BlackElo "2440"]
[PlyCount "98"]
[EventDate "1995.10.??"]
[EventType "team"]
[EventRounds "15"]
[EventCountry "GER"]
[SourceTitle "Bundesliga 9596"]
[Source "DeepChess"]
[SourceDate "2005.01.01"]
[SourceVersion "1"]
[SourceVersionDate "2005.01.01"]
[SourceQuality "1"]
[WhiteTeam "SV Tuebingen 1870 e.V."]
[BlackTeam "SG 1868 Aljech. Solingen"]
[WhiteTeamCountry "GER"]
[BlackTeamCountry "GER"]

1. f4 Nf6 2. Nf3 g6 3. g3 Bg7 4. Bg2 d5 5. O-O O-O 6. d3 c6 7. c3 Nbd7 8. Qc2
Re8 9. Ne5 Qb6+ 10. Kh1 Nxe5 11. fxe5 Ng4 12. d4 f6 13. h3 Nh6 14. exf6 exf6
15. g4 f5 16. g5 Nf7 17. Bf4 Qd8 18. h4 h6 19. Qd2 hxg5 20. hxg5 Bf8 21. Bf3
Bd6 22. Rg1 Kg7 23. Kg2 Bxf4 24. Qxf4 Qxg5+ 25. Qxg5 Nxg5 26. Kf1 Nxf3 27. exf3
b6 28. c4 dxc4 29. Nc3 Be6 30. Kf2 Red8 31. Ne2 Kf6 32. f4 Bd5 33. Rg3 Rh8 34.
Rag1 Rh2+ 35. Kf1 Bf7 36. R1g2 Rxg2 37. Kxg2 Bd5+ 38. Kf2 Rh8 39. Ke3 Rh1 40.
Rg1 Rh2 41. Rd1 Rh3+ 42. Kf2 Rf3+ 43. Ke1 g5 44. fxg5+ Kxg5 45. Rd2 f4 46. Ng1
Re3+ 47. Kf1 c3 48. bxc3 Rxc3 49. Kf2 Ra3 0-1

[Event "Bundesliga 9596"]
[Site "Deutschland"]
[Date "1995.??.??"]
[Round "?.8"]
[White "Schmidt, Bodo"]
[Black "Gass, Ulrich"]
[Result "1-0"]
[WhiteElo "2355"]
[BlackElo "2114"]
[PlyCount "61"]
[EventDate "1995.10.??"]
[EventType "team"]
[EventRounds "15"]
[EventCountry "GER"]
[SourceTitle "Bundesliga 9596"]
[Source "DeepChess"]
[SourceDate "2005.01.01"]
[SourceVersion "1"]
[SourceVersionDate "2005.01.01"]
[SourceQuality "1"]
[WhiteTeam "SG 1868 Aljech. Solingen"]
[BlackTeam "SV Tuebingen 1870 e.V."]
[WhiteTeamCountry "GER"]
[BlackTeamCountry "GER"]

1. d4 Nf6 2. Nf3 c5 3. c3 cxd4 4. cxd4 g6 5. Nc3 Bg7 6. e4 d6 7. Be2 O-O 8. O-O
b6 9. h3 Bb7 10. d5 a6 11. a4 Nbd7 12. Nd4 Nc5 13. Bf3 a5 14. Re1 e6 15. Bg5
Qd7 16. Rb1 Ba6 17. Ndb5 Bxb5 18. Nxb5 exd5 19. exd5 Rfe8 20. Rxe8+ Rxe8 21. b4
Nxa4 22. Qxa4 Qf5 23. Rd1 Qxg5 24. bxa5 bxa5 25. Nxd6 Rd8 26. Nb7 Rf8 27. d6
Nh5 28. h4 Qf4 29. Qxf4 Nxf4 30. d7 Ne6 31. d8=Q 1-0

[Event "Bundesliga 9596"]
[Site "Deutschland"]
[Date "1995.??.??"]
[Round "?.1"]
[White "Lutz, Christopher"]
[Black "Glek, Igor V"]
[Result "1-0"]
[WhiteElo "2575"]
[BlackElo "2580"]
[PlyCount "93"]
[EventDate "1995.10.??"]
[EventType "team"]
[EventRounds "15"]
[EventCountry "GER"]
[SourceTitle "Bundesliga 9596"]
[Source "DeepChess"]
[SourceDate "2005.01.01"]
[SourceVersion "1"]
[SourceVersionDate "2005.01.01"]
[SourceQuality "1"]
[WhiteTeam "SG Porz e.V."]
[BlackTeam "SG Bochum 31"]
[WhiteTeamCountry "GER"]
[BlackTeamCountry "GER"]

1. e4 e6 2. d4 d5 3. Nc3 Nf6 4. e5 Nfd7 5. f4 c5 6. Nf3 Nc6 7. Be3 a6 8. Qd2 b5
9. dxc5 Bxc5 10. Bxc5 Nxc5 11. Qf2 Qb6 12. Bd3 b4 13. Ne2 a5 14. O-O Ba6 15.
Kh1 Ne7 16. Ng3 g6 17. Ne2 Rb8 18. Bxa6 Nxa6 19. Ned4 Nc5 20. Qh4 Ne4 21. Rad1
h6 22. Ng5 Nxg5 23. fxg5 Nf5 24. Nxf5 gxf5 25. gxh6 Qe3 26. h7 Qxe5 27. Rfe1
Qg7 28. Rxd5 Qxh7 29. Qf4 Rc8 30. Qd6 Ra8 31. Rxe6+ fxe6 32. Qxe6+ Kf8 33.
Rxf5+ Qxf5 34. Qxf5+ Kg7 35. Qg5+ Kf7 36. Qf5+ Kg7 37. Qe5+ Kg6 38. h3 Rhe8 39.
Qg3+ Kh7 40. Qh4+ Kg6 41. Qg4+ Kf6 42. Qd4+ Kg6 43. Kh2 Kh7 44. Qd7+ Kg6 45.
Qg4+ Kf6 46. h4 Ra6 47. Qf3+ 1-0

[Event "Bundesliga 9596"]
[Site "Deutschland"]
[Date "1995.??.??"]
[Round "?.2"]
[White "Piskov, Yury"]
[Black "Huebner, Robert"]
[Result "1/2-1/2"]
[WhiteElo "2535"]
[BlackElo "2630"]
[PlyCount "35"]
[EventDate "1995.10.??"]
[EventType "team"]
[EventRounds "15"]
[EventCountry "GER"]
[SourceTitle "Bundesliga 9596"]
[Source "DeepChess"]
[SourceDate "2005.01.01"]
[SourceVersion "1"]
[SourceVersionDate "2005.01.01"]
[SourceQuality "1"]
[WhiteTeam "SG Bochum 31"]
[BlackTeam "SG Porz e.V."]
[WhiteTeamCountry "GER"]
[BlackTeamCountry "GER"]

1. d4 d5 2. c4 dxc4 3. e3 e5 4. Bxc4 exd4 5. exd4 Nf6 6. Nc3 Be7 7. Nf3 O-O 8.
h3 Nbd7 9. O-O Nb6 10. Bb3 c6 11. Re1 Nbd5 12. Bg5 Be6 13. Ne5 Re8 14. a3 Nd7
15. Bxe7 Rxe7 16. Nxd5 Bxd5 17. Bxd5 cxd5 18. Nxd7 1/2-1/2

[Event "Bundesliga 9596"]
[Site "Deutschland"]
[Date "1995.??.??"]
[Round "?.3"]
[White "Christiansen, Larry Mark"]
[Black "Schmittdiel, Eckhard"]
[Result "1-0"]
[WhiteElo "2590"]
[BlackElo "2435"]
[PlyCount "121"]
[EventDate "1995.10.??"]
[EventType "team"]
[EventRounds "15"]
[EventCountry "GER"]
[SourceTitle "Bundesliga 9596"]
[Source "DeepChess"]
[SourceDate "2005.01.01"]
[SourceVersion "1"]
[SourceVersionDate "2005.01.01"]
[SourceQuality "1"]
[WhiteTeam "SG Porz e.V."]
[BlackTeam "SG Bochum 31"]
[WhiteTeamCountry "GER"]
[BlackTeamCountry "GER"]

1. d4 Nf6 2. c4 e6 3. Nc3 Bb4 4. e3 O-O 5. Nge2 d6 6. a3 Bxc3+ 7. Nxc3 c5 8.
Be2 Qe7 9. O-O b6 10. b3 Bb7 11. Bb2 Ne4 12. Qc2 f5 13. Rad1 Nd7 14. dxc5 dxc5
15. f3 Nxc3 16. Qxc3 Rad8 17. Rd3 Nf6 18. Rfd1 Rxd3 19. Qxd3 Qc7 20. b4 Rf7 21.
Qc3 Nd7 22. h3 Kf8 23. Rd3 Kg8 24. Qd2 Nf8 25. Rd6 Rd7 26. bxc5 bxc5 27. Rxd7
Nxd7 28. Kf2 Bc6 29. Qc3 Nf6 30. Qe5 Qxe5 31. Bxe5 Nd7 32. Bd6 e5 33. g4 fxg4
34. hxg4 Kf7 35. Bc7 Ke6 36. f4 exf4 37. exf4 h6 38. Ke3 Nf6 39. f5+ Kd7 40.
Bb8 a6 41. Kf4 Ke7 42. Be5 Bb7 43. Bc3 Bc6 44. Bd3 Be8 45. Be1 Bf7 46. a4 Nd7
47. a5 Nf6 48. Be2 Be8 49. Bf2 Kd6 50. Bg3 Ke7 51. Ke3 Bc6 52. Be5 Bg2 53. Kf4
Bc6 54. Bf3 Bxf3 55. Kxf3 Kd7 56. Kf4 Ke7 57. g5 hxg5+ 58. Kxg5 Ne8 59. Bxg7
Nd6 60. Kg6 Ke8 61. Be5 1-0

[Event "Bundesliga 9596"]
[Site "Deutschland"]
[Date "1995.??.??"]
[Round "?.4"]
[White "Sonntag, Hans Hubert"]
[Black "Vaganian, Rafael A"]
[Result "0-1"]
[WhiteElo "2415"]
[BlackElo "2645"]
[PlyCount "80"]
[EventDate "1995.10.??"]
[EventType "team"]
[EventRounds "15"]
[EventCountry "GER"]
[SourceTitle "Bundesliga 9596"]
[Source "DeepChess"]
[SourceDate "2005.01.01"]
[SourceVersion "1"]
[SourceVersionDate "2005.01.01"]
[SourceQuality "1"]
[WhiteTeam "SG Bochum 31"]
[BlackTeam "SG Porz e.V."]
[WhiteTeamCountry "GER"]
[BlackTeamCountry "GER"]

1. d4 Nf6 2. Nf3 d5 3. g3 c6 4. Bg2 Bf5 5. O-O Nbd7 6. b3 e6 7. c4 Be7 8. Nc3
Ne4 9. Bb2 O-O 10. Nd2 Nxd2 11. Qxd2 dxc4 12. e4 Bg4 13. h3 Bh5 14. g4 Bg6 15.
bxc4 Nb6 16. Qd3 e5 17. d5 Rc8 18. Rac1 Re8 19. Rfd1 Bc5 20. Qe2 cxd5 21. Nxd5
Qh4 22. Nxb6 axb6 23. Rc2 h5 24. Bc1 Red8 25. Rxd8+ Rxd8 26. Rd2 Ra8 27. Rc2 f6
28. Kh2 Bf7 29. f3 Be6 30. Bd2 hxg4 31. fxg4 Ra3 32. Be1 Qh6 33. Bd2 Be3 34.
Bxe3 Rxe3 35. Qd1 Qf4+ 36. Kg1 Qg3 37. Kf1 Rd3 38. Qe2 Rc3 39. Qd2 Bxc4+ 40.
Kg1 Rd3 0-1

[Event "Bundesliga 9596"]
[Site "Deutschland"]
[Date "1995.??.??"]
[Round "?.6"]
[White "Luecke, Norbert"]
[Black "Hickl, Joerg"]
[Result "0-1"]
[WhiteElo "2395"]
[BlackElo "2570"]
[PlyCount "64"]
[EventDate "1995.10.??"]
[EventType "team"]
[EventRounds "15"]
[EventCountry "GER"]
[SourceTitle "Bundesliga 9596"]
[Source "DeepChess"]
[SourceDate "2005.01.01"]
[SourceVersion "1"]
[SourceVersionDate "2005.01.01"]
[SourceQuality "1"]
[WhiteTeam "SG Bochum 31"]
[BlackTeam "SG Porz e.V."]
[WhiteTeamCountry "GER"]
[BlackTeamCountry "GER"]

1. e4 g6 2. d4 d6 3. Nf3 Bg7 4. c3 Nd7 5. Be2 e6 6. O-O Ne7 7. a4 O-O 8. Re1 b6
9. Nbd2 Bb7 10. a5 Rb8 11. Bf1 b5 12. Bxb5 Bxe4 13. Ba4 Ba8 14. Nc4 Nf6 15. b4
Nf5 16. Qd3 Nd5 17. Bg5 Qc8 18. Bd2 h6 19. Rab1 Qd8 20. Na3 c5 21. Nc4 cxb4 22.
cxb4 Nf6 23. h3 Be4 24. Rxe4 Nxe4 25. Bf4 Rc8 26. b5 e5 27. dxe5 Nc5 28. Qa3
Ne6 29. Be3 Rxc4 30. b6 Nxe3 31. bxa7 Qxa5 32. Qxe3 Rxa4 0-1

[Event "Bundesliga 9596"]
[Site "Deutschland"]
[Date "1995.??.??"]
[Round "?.7"]
[White "Vogt, Lothar"]
[Black "Kassebaum, Roman"]
[Result "1-0"]
[WhiteElo "2475"]
[BlackElo "2360"]
[PlyCount "47"]
[EventDate "1995.10.??"]
[EventType "team"]
[EventRounds "15"]
[EventCountry "GER"]
[SourceTitle "Bundesliga 9596"]
[Source "DeepChess"]
[SourceDate "2005.01.01"]
[SourceVersion "1"]
[SourceVersionDate "2005.01.01"]
[SourceQuality "1"]
[WhiteTeam "SG Porz e.V."]
[BlackTeam "SG Bochum 31"]
[WhiteTeamCountry "GER"]
[BlackTeamCountry "GER"]

1. e4 d5 2. exd5 Nf6 3. d4 Bg4 4. Be2 Bxe2 5. Nxe2 Qxd5 6. O-O Nc6 7. Nbc3 Qd7
8. d5 Nb4 9. Nf4 g6 10. a3 Na6 11. Be3 Bg7 12. Qe2 O-O 13. Rad1 Ne8 14. Nb5 Nd6
15. c4 Nf5 16. b4 b6 17. Rfe1 Rfe8 18. Qf3 Nb8 19. Nd4 Nxe3 20. Rxe3 a5 21. d6
cxd6 22. Qxa8 Bxd4 23. Rxd4 Nc6 24. Rxd6 1-0

[Event "Bundesliga 9596"]
[Site "Deutschland"]
[Date "1995.??.??"]
[Round "?.8"]
[White "Kitte, Sebastian"]
[Black "Mainka, Romuald"]
[Result "1-0"]
[WhiteElo "2255"]
[BlackElo "2530"]
[PlyCount "81"]
[EventDate "1995.10.??"]
[EventType "team"]
[EventRounds "15"]
[EventCountry "GER"]
[SourceTitle "Bundesliga 9596"]
[Source "DeepChess"]
[SourceDate "2005.01.01"]
[SourceVersion "1"]
[SourceVersionDate "2005.01.01"]
[SourceQuality "1"]
[WhiteTeam "SG Bochum 31"]
[BlackTeam "SG Porz e.V."]
[WhiteTeamCountry "GER"]
[BlackTeamCountry "GER"]

1. d4 f5 2. g3 Nf6 3. Bg2 g6 4. c4 Bg7 5. Nc3 O-O 6. Nh3 d6 7. d5 Nbd7 8. Rb1
Ne5 9. b3 Bd7 10. O-O c6 11. Bb2 Rc8 12. Nf4 Qe8 13. c5 cxd5 14. Ncxd5 Rxc5 15.
Bd4 Rc8 16. Bxa7 g5 17. Nxf6+ Rxf6 18. Nd5 Rh6 19. Nb6 Rd8 20. Nxd7 Rxd7 21. f4
gxf4 22. Rxf4 e6 23. Bd4 d5 24. Rc1 Nc6 25. Bxg7 Rxg7 26. Qd2 Rhg6 27. Qe3 Qd7
28. Rd1 Qd6 29. Rxd5 Qf8 30. Rc5 e5 31. Rf1 f4 32. Bd5+ Kh8 33. Bxc6 bxc6 34.
Rxe5 Qg8 35. Qxf4 Rg4 36. Qf8 Rxg3+ 37. hxg3 Rxg3+ 38. Kh2 Rg2+ 39. Kh3 Rg3+
40. Kh4 Rg4+ 41. Kh5 1-0

[Event "Bundesliga 9596"]
[Site "Deutschland"]
[Date "1996.??.??"]
[Round "?.1"]
[White "Ribli, Zoltan"]
[Black "Glek, Igor V"]
[Result "1/2-1/2"]
[WhiteElo "2590"]
[BlackElo "2635"]
[PlyCount "23"]
[EventDate "1995.10.??"]
[EventType "team"]
[EventRounds "15"]
[EventCountry "GER"]
[SourceTitle "Bundesliga 9596"]
[Source "DeepChess"]
[SourceDate "2005.01.01"]
[SourceVersion "1"]
[SourceVersionDate "2005.01.01"]
[SourceQuality "1"]
[WhiteTeam "SK Passau 1869"]
[BlackTeam "SG Bochum 31"]
[WhiteTeamCountry "GER"]
[BlackTeamCountry "GER"]

1. Nf3 Nf6 2. c4 g6 3. g3 Bg7 4. Bg2 c6 5. d4 d5 6. Nbd2 O-O 7. O-O a5 8. b3
Ne4 9. Bb2 a4 10. Nxe4 dxe4 11. Ne1 f5 12. Nc2 1/2-1/2

[Event "Bundesliga 9596"]
[Site "Deutschland"]
[Date "1996.??.??"]
[Round "?.3"]
[White "Schlosser, Philipp"]
[Black "Schmittdiel, Eckhard"]
[Result "1-0"]
[WhiteElo "2540"]
[BlackElo "2430"]
[PlyCount "83"]
[EventDate "1995.10.??"]
[EventType "team"]
[EventRounds "15"]
[EventCountry "GER"]
[SourceTitle "Bundesliga 9596"]
[Source "DeepChess"]
[SourceDate "2005.01.01"]
[SourceVersion "1"]
[SourceVersionDate "2005.01.01"]
[SourceQuality "1"]
[WhiteTeam "SK Passau 1869"]
[BlackTeam "SG Bochum 31"]
[WhiteTeamCountry "GER"]
[BlackTeamCountry "GER"]

1. Nf3 e6 2. g3 b5 3. Bg2 Bb7 4. O-O Nf6 5. d3 d5 6. Nbd2 Nbd7 7. e4 dxe4 8.
dxe4 Nc5 9. Qe2 a6 10. Rd1 Qc8 11. Nd4 e5 12. N4b3 Bc6 13. Nf3 Nxb3 14. axb3
Bd6 15. Bg5 Qe6 16. Nh4 O-O 17. Nf5 Kh8 18. Bxf6 Qxf6 19. Nxd6 cxd6 20. Rd3 Qg6
21. Qd2 Bxe4 22. Rxd6 Qf5 23. Bxe4 Qxe4 24. Rdxa6 Rxa6 25. Rxa6 h6 26. Rd6 Qa8
27. c3 f5 28. h4 f4 29. gxf4 exf4 30. Qd4 Re8 31. Kh2 Qf3 32. Rxh6+ Kg8 33. Rg6
Re7 34. Rg5 Kh7 35. Qb6 Qe2 36. h5 Qxb2 37. h6 Qxc3 38. hxg7 Rxg7 39. Rh5+ Kg8
40. Qd8+ Kf7 41. Qd7+ Kf6 42. Rf5+ 1-0